<?xml version="1.0" encoding="UTF-8"?>
<record
    xmlns:xsi="http://www.w3.org/2001/XMLSchema-instance"
    xsi:schemaLocation="http://www.loc.gov/MARC21/slim http://www.loc.gov/standards/marcxml/schema/MARC21slim.xsd"
    xmlns="http://www.loc.gov/MARC21/slim">

  <leader>03195nam a2200553Ia 4500</leader>
  <controlfield tag="001">4537</controlfield>
  <controlfield tag="008">241029s9999    xx            000 0 und d</controlfield>
  <datafield tag="010" ind1=" " ind2=" ">
    <subfield code="a">4277</subfield>
  </datafield>
  <datafield tag="041" ind1=" " ind2=" ">
    <subfield code="a">Espa&#xF1;ol</subfield>
  </datafield>
  <datafield tag="082" ind1=" " ind2=" ">
    <subfield code="a">Intec CyH 0181</subfield>
  </datafield>
  <datafield tag="245" ind1=" " ind2="0">
    <subfield code="a">An&#xE1;lisis de la aplicaci&#xF3;n de (TICs), por parte de los estudiantes del segundo ciclo del nivel medio del &#xE1;rea de Inform&#xE1;tica, en el Liceo T&#xE9;cnico Profesional San Jos&#xE9;, de Vicente Noble, a&#xF1;o 2012-2013.</subfield>
  </datafield>
  <datafield tag="260" ind1=" " ind2=" ">
    <subfield code="a">Santo Domingo</subfield>
  </datafield>
  <datafield tag="300" ind1=" " ind2=" ">
    <subfield code="a">56</subfield>
  </datafield>
  <datafield tag="520" ind1=" " ind2=" ">
    <subfield code="a">50</subfield>
  </datafield>
  <datafield tag="630" ind1=" " ind2=" ">
    <subfield code="a">Ense&#xF1;anza-Aprendizaje</subfield>
  </datafield>
  <datafield tag="630" ind1=" " ind2=" ">
    <subfield code="a">Proceso de Ense&#xF1;anza-Aprendizaje</subfield>
  </datafield>
  <datafield tag="630" ind1=" " ind2=" ">
    <subfield code="a">Tecnolog&#xED;a de la Informaci&#xF3;n y Comunicaci&#xF3;n (TICs)</subfield>
  </datafield>
  <datafield tag="630" ind1=" " ind2=" ">
    <subfield code="a">Tecnolog&#xED;a Educativa</subfield>
  </datafield>
  <datafield tag="650" ind1=" " ind2=" ">
    <subfield code="a">Tecnolog&#xED;a de la Informaci&#xF3;n y de la Comunicaci&#xF3;n (TICs)</subfield>
  </datafield>
  <datafield tag="690" ind1=" " ind2=" ">
    <subfield code="a">Sintetizado</subfield>
  </datafield>
  <datafield tag="700" ind1=" " ind2=" ">
    <subfield code="e">asesor</subfield>
    <subfield code="a">Pichardo, C&#xE9;sar</subfield>
  </datafield>
  <datafield tag="700" ind1=" " ind2=" ">
    <subfield code="e">autor</subfield>
    <subfield code="a">F&#xE9;liz Gonz&#xE1;lez , Manuel Luis</subfield>
  </datafield>
  <datafield tag="901" ind1=" " ind2=" ">
    <subfield code="a">{"1":"F&#xE9;liz Gonz&#xE1;lez "}</subfield>
    <subfield code="b">{"1":"Manuel Luis"}</subfield>
  </datafield>
  <datafield tag="902" ind1=" " ind2=" ">
    <subfield code="a">1</subfield>
  </datafield>
  <datafield tag="903" ind1=" " ind2=" ">
    <subfield code="a">{"1":"Pichardo"}</subfield>
    <subfield code="b">{"1":"C&#xE9;sar"}</subfield>
  </datafield>
  <datafield tag="904" ind1=" " ind2=" ">
    <subfield code="a">Maestr&#xED;a en</subfield>
  </datafield>
  <datafield tag="905" ind1=" " ind2=" ">
    <subfield code="a">Educaci&#xF3;n</subfield>
  </datafield>
  <datafield tag="906" ind1=" " ind2=" ">
    <subfield code="a">2</subfield>
  </datafield>
  <datafield tag="907" ind1=" " ind2=" ">
    <subfield code="a">NO APLICA</subfield>
  </datafield>
  <datafield tag="908" ind1=" " ind2=" ">
    <subfield code="a">NO APLICA</subfield>
  </datafield>
  <datafield tag="909" ind1=" " ind2=" ">
    <subfield code="a">Instituto Tecnol&#xF3;gico de Santo Domingo (INTEC)</subfield>
  </datafield>
  <datafield tag="910" ind1=" " ind2=" ">
    <subfield code="a">NULL</subfield>
    <subfield code="b">NULL</subfield>
  </datafield>
  <datafield tag="911" ind1=" " ind2=" ">
    <subfield code="a">["1"]</subfield>
  </datafield>
  <datafield tag="912" ind1=" " ind2=" ">
    <subfield code="a">NO APLICA</subfield>
  </datafield>
  <datafield tag="913" ind1=" " ind2=" ">
    <subfield code="a">NULL</subfield>
  </datafield>
  <datafield tag="914" ind1=" " ind2=" ">
    <subfield code="a">01 de Febrero de 2014</subfield>
  </datafield>
  <datafield tag="915" ind1=" " ind2=" ">
    <subfield code="a">01/11/19 07:11</subfield>
  </datafield>
  <datafield tag="916" ind1=" " ind2=" ">
    <subfield code="a">NULL</subfield>
  </datafield>
  <datafield tag="917" ind1=" " ind2=" ">
    <subfield code="a">NULL</subfield>
  </datafield>
  <datafield tag="918" ind1=" " ind2=" ">
    <subfield code="a">NO APLICA</subfield>
  </datafield>
  <datafield tag="919" ind1=" " ind2=" ">
    <subfield code="a">["89","163","296","191"]</subfield>
  </datafield>
  <datafield tag="520" ind1=" " ind2=" ">
    <subfield code="a">La presente investigaci&#xF3;n fue un an&#xE1;lisis de la aplicaci&#xF3;n de TICs, por parte de los estudiantes del segundo ciclo del nivel medio, del &#xE1;rea de Inform&#xE1;tica, del Liceo T&#xE9;cnico Profesional San Jos&#xE9;, Vicente Noble, a&#xF1;o (2012-2013). El principal objetivo, plante&#xF3; identificar los medios tecnol&#xF3;gicos disponibles en la aplicaci&#xF3;n de la TICs, utilizados en el &#xE1;rea de Inform&#xE1;tica por los estudiantes del nivel medio.Este estudio de investigaci&#xF3;n, tiene un enfoque cualitativo, de tipo prospectivo, descriptivo y de corte transversal, se utiliz&#xF3; la t&#xE9;cnica de grupo focal, para obtener las opiniones o actitudes de los estudiantes, constituidos por un grupo de trece (13) estudiantes y la entrevista, a tres (3) docentes de la carrera de Inform&#xE1;tica. Al finalizar este trabajo de investigaci&#xF3;n, se concluye que la aplicaci&#xF3;n de las tecnolog&#xED;as dentro del Liceo T&#xE9;cnico Profesional&#xA0; San Jos&#xE9;, Vicente Noble, tiene una aplicaci&#xF3;n acomodada al horario de los estudiantes, aunque son aspectos a mejorar en el mencionado centro educativo.Se recomienda a nivel&#xA0; general, proporcionar la participaci&#xF3;n activa y continua del cuerpo docente en servicio, introducir el uso de las TICs,&#xA0; en los m&#xE9;todos de ense&#xF1;anza. Incorporar un t&#xE9;cnico en el Distrito y los bachilleratos t&#xE9;cnicos, para fortalecer esta modalidad de estudio. Que se actualicen los equipos tecnol&#xF3;gicos disponibles en este Liceo, que se utilicen las redes sociales, con inter&#xE9;s acad&#xE9;mico. Que se utilicen m&#xE1;s las tecnolog&#xED;as, en el proceso de ense&#xF1;anza-aprendizaje dentro del aula.&#xA0; &#xA0; &#xA0;</subfield>
  </datafield>
  <datafield tag="921" ind1=" " ind2=" ">
    <subfield code="a">12</subfield>
  </datafield>
  <datafield tag="922" ind1=" " ind2=" ">
    <subfield code="a">12</subfield>
  </datafield>
  <datafield tag="923" ind1=" " ind2=" ">
    <subfield code="a">0</subfield>
  </datafield>
  <datafield tag="924" ind1=" " ind2=" ">
    <subfield code="a">NO APLICA</subfield>
  </datafield>
  <datafield tag="942" ind1=" " ind2=" ">
    <subfield code="c">Tesis</subfield>
  </datafield>
  <datafield tag="999" ind1=" " ind2=" ">
    <subfield code="c">4277</subfield>
    <subfield code="d">4277</subfield>
  </datafield>
</record>
